LDR 00745naa#a2200157#i#450# 001 EN\\bibl\126031 005 20260630101012.2 011 ## _a3033-7879 100 ## _a20260331b2026####ek#y0engy0150####ca 102 ## _aRU 200 1# _aREVIEW OF THE DISSERTATION OF SERGEY GENNADIEVICH NISTRATOV "THEORETICAL AND LEGAL ANALYSIS OF CONTROL AND SUPERVISION IN THE MECHANISM OF ENSURING LAWFULNESS: AN INSTRUMENTAL APPROACH" (VOLGOGRAD, 2025. 256 P.), SUBMITTED FOR THE DEGREE OF CANDIDATE OF LAW IN SPECIALTY 5.1.1. THEORETICAL AND HISTORICAL LEGAL SCIENCES _eJournal article 210 1# _aVolgograd _cVolgograd Academy of the Ministry of Internal Affairs of Russia _d2026 215 ## _a0 с. 608 ## _aJournal article _2local 700 #1 _a _g 856 4# _ava-mvd.editorum.ru _u